Shyamji Krishnavarma : (Record no. 91987)

MARC details
000 -LEADER
fixed length control field 00688nam a22002057a 4500
005 - DATE AND TIME OF LATEST TRANSACTION
control field 20150428112554.0
010 ## - LCCN (DPL NO)
LC control number ENG-112308
020 ## - INTERNATIONAL STANDARD BOOK NUMBER
International Standard Book Number 9780415445542
Terms of availability 345.00
035 ## - SYSTEM CONTROL NUMBER
System control number EN-95840
037 ## - SOURCE OF ACQUISITION
Stock number DBAD/PUB
082 ## - DEWEY DECIMAL CLASSIFICATION NUMBER
Classification number 921
100 ## - MAIN ENTRY--PERSONAL NAME
Personal name Fischer-Tine, Harald
245 ## - TITLE STATEMENT
Title Shyamji Krishnavarma :
Statement of responsibility, etc by Harald Fischer-Tine
Remainder of title Sanskrit,sociology and anti-imperialism /
260 ## - PUBLICATION, DISTRIBUTION, ETC. (IMPRINT)
Place of publication, distribution, etc New Delhi
Name of publisher, distributor, etc Routledge
Date of publication, distribution, etc 2014
270 ## - ADDRESS
Address 912,Tolstoy House, 15-17 Tolstoy Marg, Connaught Place
City New Delhi
Postal code 110001
300 ## - PHYSICAL DESCRIPTION
Extent xxxvi,228p. :
Dimensions 22cm(pbk)
Other physical details ill.
490 ## - SERIES STATEMENT
Series statement Pathfinders
500 ## - GENERAL NOTE
General note Includes bibliographical references and index
942 ## - ADDED ENTRY ELEMENTS (KOHA)
Source of classification or shelving scheme Dewey Decimal Classification
Item type English Books
Call number suffix SHY
Classification part 921
Holdings
Withdrawn status Lost status Not for loan Collection code Home library Current library Date acquired Source of acquisition Cost, normal purchase price Full call number Barcode Copy number Cost, replacement price Koha item type
    Not For Loan Non-fiction D.B.Act.Division D.B.Act.Division 27/02/2015 DBAD/PUB 345.00 921 SHY EN-95840 1 345.00 English Books

© Delhi Public Library
Hit Counter
free hit counter